Escolas de Samba do Grupo Especial do Carnaval do RJ - Statistics

General Stats
  • This quiz has been taken 110 times
  • The average score is 10 of 12
Answer Stats
Answer % Correct
6 Mangueira
99%
4 Beija Flor
96%
5 Salgueiro
89%
7 Portela
88%
1 Viradouro
88%
2 Grande Rio
85%
3 Mocidade
85%
8 Vila Isabel
82%
12 Imperatriz
80%
9 Unidos da Tijuca
80%
10 Porto da Pedra
64%
11 Paraíso do Tuiuti
60%
No matching quizzes found
Score Distribution
Percent of People with Each Score
Percentile by Number Answered
Your Score History
You have not taken this quiz